[Event "SR 4. liga A21 2016/2017"]
[Site "?"]
[Date "2016.12.04"]
[Round "5.2"]
[White "Krchnak, Rudolf"]
[Black "Stehlik, Jan"]
[Result "1/2-1/2"]
[WhiteElo "1685"]
[BlackElo "1588"]
[PlyCount "103"]
[EventDate "2016.??.??"]

1. d4 d5 2. Nc3 Nf6 3. Bg5 e6 4. e4 Be7 5. e5 Nfd7 6. h4 Bxg5 7. hxg5 Qxg5 8.
Nh3 Qe7 9. Nf4 c5 10. Nb5 Nb6 11. Nd6+ Kd8 12. dxc5 N6d7 13. Nd3 Nc6 14. f4 f6
15. Qe2 Nd4 16. Qf2 Nf5 17. O-O-O Kc7 18. Be2 g6 19. g4 Ng7 20. Qd4 h5 21. Qc3
f5 22. gxh5 gxh5 23. Rdg1 Rh7 24. Rg5 h4 25. Qe1 h3 26. Qg3 b6 27. Rxg7 Rxg7
28. Qxg7 Qxg7 29. Ne8+ Kc6 30. Nxg7 Nxc5 31. Nxc5 Kxc5 32. Rxh3 Bd7 33. Rc3+
Kd4 34. Bf3 Rg8 35. Nh5 Rh8 36. Kd2 Rh6 37. Rd3+ Kc5 38. Rc3+ Kd4 39. Rd3+ Kc5
40. b3 Be8 41. Nf6 Rh2+ 42. Kc3 Bb5 43. Rd2 Rh3 44. b4+ Kc6 45. Rf2 Be2 46.
Rxe2 Rxf3+ 47. Kb2 Rxf4 48. c3 Kb5 49. Ne8 Kc6 50. Nd6 a5 51. bxa5 bxa5 52. Rd2
1/2-1/2

[Event "SR 4. liga A21 2016/2017"]
[Site "?"]
[Date "2016.12.04"]
[Round "5.2"]
[White "Benak, Peter"]
[Black "Bajcar, Pavol"]
[Result "1/2-1/2"]
[WhiteElo "1579"]
[BlackElo "1717"]
[PlyCount "44"]
[EventDate "2016.??.??"]

1. c4 e6 2. g3 d5 3. cxd5 exd5 4. Bg2 Nf6 5. e3 Bf5 6. d4 Nbd7 7. Ne2 Bd6 8.
O-O O-O 9. Nbc3 c6 10. a3 Re8 11. b4 Nb6 12. Na4 Nc4 13. Nb2 Nxb2 14. Bxb2 a5
15. bxa5 Rxa5 16. a4 Nd7 17. Bc3 Ra7 18. a5 Qe7 19. Qd2 Rea8 20. Ra2 Nb8 21.
Rfa1 Na6 22. Nc1 Nc7 1/2-1/2

[Event "SR 4. liga A21 2016/2017"]
[Site "?"]
[Date "2016.12.04"]
[Round "5.2"]
[White "Jancovicova, Petra"]
[Black "Sefcik, Oliver"]
[Result "1-0"]
[WhiteElo "1675"]
[BlackElo "1113"]
[PlyCount "77"]
[EventDate "2016.??.??"]

1. e4 e6 2. d4 d5 3. Nc3 c5 4. Nf3 Nc6 5. exd5 exd5 6. Be3 c4 7. a3 Nf6 8. Be2
Bd6 9. O-O O-O 10. Bg5 Re8 11. Bxf6 Qxf6 12. Nxd5 Qd8 13. Bxc4 Bd7 14. Ne3 Rc8
15. Bd3 Bf4 16. Re1 Be6 17. Bb5 Bd7 18. c4 a6 19. Ba4 Bxe3 20. fxe3 Re7 21. d5
Na7 22. Bxd7 Qxd7 23. Rc1 Qd6 24. Qd4 b6 25. e4 f6 26. e5 fxe5 27. Rxe5 Rxe5
28. Nxe5 Re8 29. Nf3 Nc8 30. b4 b5 31. c5 Qd7 32. Ne5 Qf5 33. d6 Nxd6 34. cxd6
Qxe5 35. Qxe5 Rxe5 36. d7 Rd5 37. Rc8+ Kf7 38. d8=Q Rxd8 39. Rxd8 1-0

[Event "SR 4. liga A21 2016/2017"]
[Site "?"]
[Date "2016.12.04"]
[Round "5.3"]
[White "Pericka, Tomas"]
[Black "Kubis, Ivan"]
[Result "1-0"]
[WhiteElo "2017"]
[BlackElo "1938"]
[PlyCount "43"]
[EventDate "2016.??.??"]

1. e4 e5 2. Nc3 Nf6 3. f4 d5 4. fxe5 Nxe4 5. Nf3 Be7 6. d4 O-O 7. Bd3 f5 8. Be3
b6 9. Qe2 c5 10. Nxd5 Be6 11. Nf4 Bf7 12. e6 Be8 13. Ne5 Nc6 14. Nf7 Rxf7 15.
exf7+ Bxf7 16. dxc5 g5 17. O-O-O Qe8 18. Bxe4 gxf4 19. Bxc6 Qxc6 20. Bxf4 Re8
21. Qf3 Qe6 22. Qg3+ 1-0

[Event "SR 4. liga A21 2016/2017"]
[Site "?"]
[Date "2016.12.04"]
[Round "5.3"]
[White "Valla, Tomas"]
[Black "Sadlon, Juraj"]
[Result "1-0"]
[WhiteElo "1837"]
[BlackElo "1878"]
[PlyCount "79"]
[EventDate "2016.??.??"]

1. e4 e5 2. Nf3 Nc6 3. Bc4 Be7 4. c3 Nf6 5. d3 d6 6. Bb3 O-O 7. Nbd2 h6 8. Nf1
Be6 9. Bc2 Nh7 10. Ne3 Ng5 11. O-O Nxf3+ 12. Qxf3 Bg5 13. Nf5 Bxc1 14. Raxc1
Qf6 15. Bb1 Bxf5 16. exf5 g6 17. Qe3 g5 18. Qf3 Rab8 19. Rcd1 Kg7 20. Rfe1 Rfe8
21. Rd2 Re7 22. Rde2 Rbe8 23. Bc2 Rh8 24. Re3 h5 25. h3 Qh6 26. Ba4 Nd8 27. d4
Qf6 28. b4 a6 29. b5 axb5 30. Bxb5 c6 31. dxe5 dxe5 32. Bc4 h4 33. Rd3 Rhe8 34.
Qe4 b5 35. Bb3 Nb7 36. Qg4 Nc5 37. Rd6 Qxd6 38. Qxg5+ Kh7 39. f6 Ne6 40. Bc2+
1-0

[Event "SR 4. liga A21 2016/2017"]
[Site "?"]
[Date "2016.12.04"]
[Round "5.3"]
[White "Skapikova, Lubica"]
[Black "Bilovsky, Milan"]
[Result "1/2-1/2"]
[WhiteElo "1908"]
[BlackElo "1934"]
[PlyCount "82"]
[EventDate "2016.??.??"]

1. e4 c5 2. Nf3 e6 3. d3 Nc6 4. Be3 Nf6 5. h3 Be7 6. Be2 O-O 7. O-O d5 8. exd5
exd5 9. d4 Ne4 10. dxc5 Bxc5 11. Bxc5 Nxc5 12. c3 Re8 13. Re1 Bf5 14. Na3 Ne6
15. Nb5 a6 16. Nbd4 Be4 17. Nxe6 fxe6 18. Qd2 Qf6 19. Ng5 Bf5 20. Nf3 Rad8 21.
Nd4 Nxd4 22. cxd4 Rc8 23. Rac1 Rxc1 24. Rxc1 e5 25. Rc5 Qd6 26. b3 b5 27. Bf3
Be4 28. Bg4 exd4 29. Qxd4 Bf5 30. Qxd5+ Qxd5 31. Rxd5 Bxg4 32. hxg4 Re1+ 33.
Kh2 Re2 34. a4 bxa4 35. bxa4 Rxf2 36. Rd6 Rf4 37. Rxa6 Rxg4 38. Ra7 h6 39. a5
Ra4 40. Kh3 Kh7 41. Ra6 Ra2 1/2-1/2

[Event "SR 4. liga A21 2016/2017"]
[Site "?"]
[Date "2016.12.04"]
[Round "5.3"]
[White "Zajicek, Ferdinand"]
[Black "Skapik, Branislav"]
[Result "0-1"]
[WhiteElo "1775"]
[BlackElo "1844"]
[PlyCount "88"]
[EventDate "2016.??.??"]

1. e4 d5 2. exd5 Nf6 3. Nc3 Nxd5 4. Nxd5 Qxd5 5. Nf3 e5 6. d3 Bc5 7. Be3 O-O 8.
Be2 Nc6 9. O-O Nd4 10. h3 Nxe2+ 11. Qxe2 f6 12. a3 Be6 13. Rad1 Rfe8 14. Rfe1
Bxe3 15. Qxe3 Qc6 16. Rd2 Bd5 17. Red1 Bxf3 18. Qxf3 Qxf3 19. gxf3 c5 20. Re2
Kf7 21. Kg2 Rad8 22. Rde1 Rd4 23. Re4 g5 24. Kg3 h5 25. h4 Rg8 26. hxg5 Rxg5+
27. Kh3 Rf5 28. Kg3 Rd8 29. Rg1 Ke6 30. Rg2 Rg8+ 31. Kh2 Rxg2+ 32. Kxg2 Rg5+
33. Kh2 f5 34. Ra4 a6 35. b4 Kd5 36. bxc5 Kxc5 37. c3 Rg6 38. Ra5+ b5 39. d4+
exd4 40. cxd4+ Kb6 41. Rxa6+ Kxa6 42. Kh3 Rd6 43. Kh4 Rxd4+ 44. Kxh5 Rf4 0-1

[Event "SR 4. liga A21 2016/2017"]
[Site "?"]
[Date "2016.12.04"]
[Round "5.3"]
[White "Mysicka, Miroslav"]
[Black "Kastler, Peter"]
[Result "1-0"]
[WhiteElo "1670"]
[BlackElo "1751"]
[PlyCount "227"]
[EventDate "2016.??.??"]

1. e4 e6 2. d4 d5 3. e5 c5 4. c3 Qb6 5. Nf3 Nc6 6. g3 cxd4 7. cxd4 Nge7 8. Bh3
Nf5 9. Bxf5 Bb4+ 10. Nc3 exf5 11. O-O Bxc3 12. bxc3 O-O 13. Bd2 Be6 14. Rb1 Qa6
15. Qc2 Na5 16. Nh4 Nc4 17. Ra1 Nxd2 18. Qxd2 Rac8 19. Rfc1 Rc4 20. Rc2 Rfc8
21. Rb1 b6 22. Rb4 Rxb4 23. cxb4 Rc4 24. Ng2 Rxc2 25. Qxc2 Qc4 26. Qxc4 dxc4
27. Ne3 c3 28. d5 Bxd5 29. Kf1 Bxa2 30. Ke2 Bb1 31. Nd5 c2 32. Kd2 Kf8 33. f4
Ba2 34. Ne3 c1=Q+ 35. Kxc1 g6 36. Kb2 Be6 37. Kc3 Ke7 38. Nc2 Kd7 39. Nd4 a6
40. Kd3 Kc7 41. Kc3 b5 42. Kd3 Kb6 43. Kc3 a5 44. Nc2 a4 45. Kb2 Bc4 46. Ne3
Kc6 47. Ka3 Be6 48. Kb2 Kd7 49. Nc2 Ke7 50. Kc3 Kd8 51. Na3 Bd7 52. Kd4 Kc7 53.
Kc5 Bc6 54. Nc2 Be4 55. Na3 Bd3 56. Kd4 Bf1 57. Kc5 Kd7 58. Kd5 Ke7 59. Nc2
Bc4+ 60. Kd4 Ke6 61. Na3 Bf1 62. Nc2 Bg2 63. Na3 Bc6 64. Kc5 Be8 65. Kd4 f6 66.
exf6 Kxf6 67. Ke3 h6 68. h4 g5 69. hxg5+ hxg5 70. Kd4 gxf4 71. gxf4 Ke6 72. Nc2
Bh5 73. Na3 Be2 74. Nb1 Kd6 75. Na3 Ke6 76. Nb1 Kf6 77. Nc3 Bc4 78. Nb1 Kg6 79.
Na3 Bf1 80. Ke5 Bd3 81. Kd4 Be2 82. Ke3 Bf1 83. Kd4 Kh5 84. Nc2 Bg2 85. Na3 Bc6
86. Nb1 Kg4 87. Ke3 Kg3 88. Na3 Kg2 89. Ke2 Kg1 90. Ke1 Kg2 91. Ke2 Be8 92. Ke3
Kf1 93. Kf3 Ke1 94. Ke3 Kd1 95. Kd3 Bh5 96. Kd4 Be2 97. Kc3 Kc1 98. Nc2 Kb1 99.
Na3+ Ka2 100. Nc2 Bf1 101. Ne3 Bh3 102. Kc2 a3 103. Nd1 Bf1 104. Ne3 Bh3 105.
Nd5 Bg2 106. Nc3+ Ka1 107. Nxb5 Be4+ 108. Kc1 Ka2 109. Nd4 Ka1 110. b5 Ka2 111.
b6 Ka1 112. Nxf5 Ka2 113. Nd4 Bd5 114. f5 1-0

[Event "SR 4. liga A21 2016/2017"]
[Site "?"]
[Date "2016.12.04"]
[Round "5.4"]
[White "Ocko, Martin"]
[Black "Ganzova, Veronika"]
[Result "1/2-1/2"]
[WhiteElo "1936"]
[BlackElo "1702"]
[PlyCount "83"]
[EventDate "2016.??.??"]

1. c4 e5 2. Nc3 Nf6 3. g3 Bb4 4. Bg2 Nc6 5. Nd5 Bc5 6. e3 O-O 7. a3 a5 8. Ne2
d6 9. h3 Re8 10. Nec3 Bf5 11. O-O Bd3 12. Re1 Bxc4 13. Nxf6+ Qxf6 14. d3 Be6
15. Ne4 Qh6 16. Nxc5 dxc5 17. h4 Bd7 18. Qb3 b6 19. Bd2 Rad8 20. Qc2 Qg6 21. b4
cxb4 22. axb4 Nxb4 23. Bxb4 axb4 24. Qxc7 Bb5 25. Rec1 Qd6 26. Qxd6 Rxd6 27.
Rcb1 Bxd3 28. Rxb4 b5 29. Bf1 Bxf1 30. Kxf1 Rd5 31. Rc1 Red8 32. e4 Rd1+ 33.
Rxd1 Rxd1+ 34. Ke2 Rd6 35. Rxb5 f6 36. Rb7 h5 37. f4 exf4 38. gxf4 Ra6 39. Rb5
Ra2+ 40. Ke3 Ra3+ 41. Kd4 Rf3 42. Rxh5 1/2-1/2

[Event "SR 4. liga A21 2016/2017"]
[Site "?"]
[Date "2016.12.04"]
[Round "5.4"]
[White "Sottnik, Filip"]
[Black "Diviak, Rudolf"]
[Result "1/2-1/2"]
[WhiteElo "1698"]
[BlackElo "1810"]
[PlyCount "84"]
[EventDate "2016.??.??"]

1. e4 e5 2. Nf3 Nc6 3. Bc4 Be7 4. d3 d6 5. a3 Nf6 6. Nc3 Be6 7. Bxe6 fxe6 8. h3
Nd4 9. Nxd4 exd4 10. Ne2 c5 11. O-O O-O 12. b3 Qd7 13. Ng3 b5 14. Bb2 g6 15.
Qc1 Rf7 16. a4 b4 17. Qd2 Bf8 18. f4 Bh6 19. Qe2 Raf8 20. Rf3 Kh8 21. Raf1 g5
22. f5 g4 23. hxg4 e5 24. Bc1 Bxc1 25. Rxc1 Rg8 26. Nf1 Rfg7 27. Nh2 Rg5 28.
Rcf1 Qg7 29. R1f2 Rf8 30. Rh3 Kg8 31. Kf1 Kf7 32. Rh4 Rg8 33. Kg1 Qf8 34. Qf3
R8g7 35. Qh3 Qg8 36. Kf1 h5 37. Qg3 hxg4 38. Ke2 Nh5 39. Rxh5 Rxh5 40. Nf1 Rgh7
41. Nd2 R7h6 42. Rf1 Rh1 1/2-1/2

[Event "SR 4. liga A21 2016/2017"]
[Site "?"]
[Date "2016.12.04"]
[Round "5.4"]
[White "Trojkova, Michaela"]
[Black "Lackovic, Marek"]
[Result "1-0"]
[WhiteElo "1704"]
[BlackElo "1683"]
[PlyCount "91"]
[EventDate "2016.??.??"]

1. e4 c5 2. Nf3 d6 3. Bb5+ Bd7 4. Qe2 Bxb5 5. Qxb5+ Qd7 6. Qxd7+ Nxd7 7. c3
Ngf6 8. d3 e6 9. Nbd2 Be7 10. O-O O-O 11. d4 cxd4 12. cxd4 Rac8 13. b3 Nb6 14.
Ba3 Rfe8 15. Rac1 Kf8 16. e5 dxe5 17. Bxe7+ Kxe7 18. dxe5 Nfd5 19. Ne4 Rxc1 20.
Rxc1 Rc8 21. Rxc8 Nxc8 22. Nd4 a6 23. Nc5 Nc3 24. a3 Nb5 25. Nxb5 axb5 26. Nxb7
Kd7 27. Kf1 Kc7 28. Nc5 Kc6 29. Ne4 h6 30. Ke2 Kd5 31. Nc3+ Kc5 32. Kd3 Na7 33.
b4+ Kc6 34. f4 Nc8 35. Kd4 Nb6 36. g4 Nc4 37. a4 Na3 38. axb5+ Kb6 39. h3 Nxb5+
40. Nxb5 Kxb5 41. Kc3 g5 42. f5 exf5 43. gxf5 Kc6 44. Kd4 h5 45. b5+ Kd7 46. b6
1-0

[Event "SR 4. liga A21 2016/2017"]
[Site "?"]
[Date "2016.12.04"]
[Round "5.4"]
[White "Fajnor, Dusan"]
[Black "Ulehla, Jakub"]
[Result "1-0"]
[WhiteElo "1310"]
[BlackElo "1620"]
[PlyCount "65"]
[EventDate "2016.??.??"]

1. d4 Nf6 2. c4 g6 3. Nc3 Bg7 4. g3 O-O 5. Bg2 d6 6. Nf3 c6 7. O-O Nbd7 8. e4
Qc7 9. Qd3 e5 10. d5 c5 11. Bd2 a6 12. b3 Ne8 13. Ne1 f5 14. f4 exf4 15. Bxf4
Ne5 16. Qd2 fxe4 17. Bxe4 Bh8 18. Rc1 Ng7 19. Bxe5 Rxf1+ 20. Kxf1 dxe5 21. Kg2
Bf5 22. Nf3 Rd8 23. Qg5 Bxe4 24. Nxe4 Ne8 25. Nxc5 Bf6 26. Qe3 Ng7 27. Ne4 Be7
28. g4 Ne8 29. Rf1 Ng7 30. Nfg5 Rf8 31. Rxf8+ Bxf8 32. Nxh7 Kxh7 33. Nf6+ 1-0

[Event "SR 4. liga A21 2016/2017"]
[Site "?"]
[Date "2016.12.04"]
[Round "5.4"]
[White "Drozd, Jan"]
[Black "Holicky, Tomas"]
[Result "1-0"]
[WhiteElo "1565"]
[BlackElo "1127"]
[PlyCount "83"]
[EventDate "2016.??.??"]

1. d4 d5 2. c4 dxc4 3. e3 e6 4. Bxc4 Nf6 5. Nc3 Nc6 6. Nf3 Be7 7. O-O O-O 8. a3
a6 9. b4 Bd7 10. Bb2 h6 11. e4 Nh7 12. d5 exd5 13. Nxd5 Nf6 14. Nxe7+ Qxe7 15.
e5 Ne8 16. Re1 Be6 17. Qc2 Bxc4 18. Qxc4 Qe6 19. Qc3 Rd8 20. Rac1 Qg6 21. Rcd1
Rxd1 22. Rxd1 Qf5 23. h3 Qe6 24. Nd2 f6 25. exf6 Qxf6 26. Qc4+ Qf7 27. Qxf7+
Rxf7 28. Ne4 a5 29. b5 Na7 30. a4 b6 31. Rd8 Re7 32. f3 c5 33. Nd6 Kf8 34.
Bxg7+ Kxg7 35. Nxe8+ Kf7 36. Nd6+ Ke6 37. Nc4 Rb7 38. Rd6+ Ke7 39. Rxh6 Kd8 40.
Rxb6 Rxb6 41. Nxb6 Kc7 42. Nc4 1-0

[Event "SR 4. liga A21 2016/2017"]
[Site "?"]
[Date "2016.12.04"]
[Round "5.5"]
[White "Lanik, Miroslav"]
[Black "Blatnicky, Miroslav"]
[Result "0-1"]
[WhiteElo "1878"]
[BlackElo "2103"]
[PlyCount "104"]
[EventDate "2016.??.??"]

1. e4 e6 2. Qe2 Be7 3. Nc3 d5 4. exd5 exd5 5. d4 Nf6 6. Nf3 O-O 7. Be3 Re8 8.
O-O-O c6 9. Qd3 b5 10. Ne5 Qa5 11. Kb1 g6 12. f3 b4 13. Ne2 Ba6 14. Qd2 Nfd7
15. Nxd7 Nxd7 16. g4 Bc4 17. b3 Bb5 18. Ng3 Bxf1 19. Rdxf1 Qd8 20. g5 a5 21. h4
a4 22. h5 axb3 23. cxb3 Bd6 24. f4 Qa5 25. Rh2 Nf8 26. hxg6 fxg6 27. Qf2 Qc7
28. Rg2 Re7 29. f5 Rae8 30. f6 Rf7 31. Bf4 Bxf4 32. Qxf4 Ne6 33. Qxc7 Rxc7 34.
Re1 Kf7 35. Ne2 Nxd4 36. Rh1 Nb5 37. Rxh7+ Kg8 38. Rxc7 Nxc7 39. Nd4 c5 40. Nc6
Re1+ 41. Kc2 Ra1 42. Kb2 Rf1 43. Re2 Nb5 44. Re8+ Kf7 45. Re7+ Kg8 46. Nd8 Nd4
47. Re8+ Kh7 48. f7 c4 49. bxc4 dxc4 50. a4 c3+ 51. Ka2 Rf2+ 52. Ka1 Nb3+ 0-1

[Event "SR 4. liga A21 2016/2017"]
[Site "?"]
[Date "2016.12.04"]
[Round "5.5"]
[White "Podjavorinsky, Michal"]
[Black "Huska, Branislav"]
[Result "0-1"]
[WhiteElo "1862"]
[BlackElo "1815"]
[PlyCount "72"]
[EventDate "2016.??.??"]

1. e4 c5 2. Nc3 Nc6 3. d3 g6 4. Be3 Bg7 5. Qd2 d6 6. g3 Rb8 7. Bg2 b5 8. Nge2
b4 9. Nd1 a5 10. O-O a4 11. a3 Qa5 12. c3 bxc3 13. bxc3 Ba6 14. f4 e6 15. f5
Nf6 16. fxe6 fxe6 17. Bh3 Nd8 18. Bh6 O-O 19. Bxg7 Kxg7 20. Ne3 c4 21. Nxc4
Bxc4 22. dxc4 Qc5+ 23. Kh1 Nxe4 24. Qe1 Nf2+ 25. Rxf2 Qxf2 26. Qd2 Qc5 27. Nf4
e5 28. Nd3 Qxc4 29. Rd1 Rb3 30. Qe1 Qxc3 31. Qe2 Nc6 32. Qg4 Nd4 33. Qd7+ Rf7
34. Qxd6 Nf3 35. Bg2 Qd4 36. Qa6 Rxa3 0-1

[Event "SR 4. liga A21 2016/2017"]
[Site "?"]
[Date "2016.12.04"]
[Round "5.5"]
[White "Fidericky, Milan"]
[Black "Miciak, Emanuel"]
[Result "1/2-1/2"]
[WhiteElo "1749"]
[BlackElo "1859"]
[PlyCount "66"]
[EventDate "2016.??.??"]

1. e4 c5 2. f4 d6 3. Nf3 Nf6 4. Nc3 Nc6 5. Be2 e6 6. O-O Be7 7. d4 cxd4 8. Nxd4
Nxd4 9. Qxd4 O-O 10. Be3 Ne8 11. Rad1 Nc7 12. Bf2 b6 13. Qe3 Qe8 14. Qg3 Bb7
15. Bd4 f6 16. f5 Rd8 17. Be3 Kh8 18. Qh3 exf5 19. exf5 Rg8 20. Bh5 g6 21. fxg6
Rxg6 22. Bxg6 Qxg6 23. Bd4 Rg8 24. Rf2 Bc8 25. Qh4 Bb7 26. g3 Ne8 27. Re1 Qf7
28. Rfe2 Bd8 29. Rxe8 Rxe8 30. Rxe8+ Qxe8 31. Bxf6+ Bxf6 32. Qxf6+ Kg8 33. Kf2
Qc6 1/2-1/2

[Event "SR 4. liga A21 2016/2017"]
[Site "?"]
[Date "2016.12.04"]
[Round "5.5"]
[White "Bjel, Jan"]
[Black "Lauko, Tomas"]
[Result "1-0"]
[WhiteElo "1809"]
[BlackElo "1717"]
[PlyCount "69"]
[EventDate "2016.??.??"]

1. e4 c5 2. Nf3 Nc6 3. d4 cxd4 4. Nxd4 e5 5. Nb3 Nf6 6. Bd3 b6 7. a3 Bb7 8. Nc3
Rc8 9. O-O Be7 10. Bg5 O-O 11. f4 d6 12. Nd5 Nxd5 13. exd5 Bxg5 14. dxc6 Bxc6
15. fxg5 Qxg5 16. Qe2 g6 17. Bb5 Bd5 18. c4 Bb7 19. Nd2 a6 20. Bd7 Rc7 21. Ba4
f5 22. Nf3 Qg4 23. Rad1 d5 24. Qxe5 Rxc4 25. Bb3 Rc5 26. Qe6+ Kg7 27. Bxd5 Rc2
28. Qe7+ Kh6 29. Qxf8+ Kh5 30. Rf2 Bxd5 31. Rxc2 Bxf3 32. Rf1 Be4 33. Rcf2 h6
34. Qd6 g5 35. Qg3 1-0

[Event "SR 4. liga A21 2016/2017"]
[Site "?"]
[Date "2016.12.04"]
[Round "5.5"]
[White "Bendzela, Tibor"]
[Black "Kincel, Jan"]
[Result "1-0"]
[WhiteElo "1647"]
[BlackElo "1998"]
[PlyCount "47"]
[EventDate "2016.??.??"]

1. e4 c6 2. d4 d5 3. exd5 cxd5 4. c4 Nf6 5. Nc3 e6 6. a3 Nc6 7. Bg5 dxc4 8.
Bxf6 Qxf6 9. Nf3 Bd6 10. Bxc4 O-O 11. O-O Rd8 12. d5 exd5 13. Bxd5 Bg4 14. h3
Bf5 15. Qa4 Ne5 16. Rad1 Nxf3+ 17. Bxf3 Qe5 18. g3 Bxh3 19. Rfe1 Qf5 20. Rxd6
b5 21. Rxd8+ Rxd8 22. Qe4 Qc8 23. Qc6 Qb8 24. Qxb5 1-0

[Event "SR 4. liga A21 2016/2017"]
[Site "?"]
[Date "2016.12.04"]
[Round "5.6"]
[White "Slaba, Andrea"]
[Black "Musaev, Urmat"]
[Result "0-1"]
[WhiteElo "1811"]
[BlackElo "1730"]
[PlyCount "124"]
[EventDate "2016.??.??"]

1. Nf3 d5 2. c4 Nf6 3. cxd5 Nxd5 4. Nc3 Nc6 5. e4 Nxc3 6. bxc3 e5 7. Bb5 Bd6 8.
O-O O-O 9. d4 Bg4 10. d5 Ne7 11. h3 Bh5 12. Be2 c6 13. c4 cxd5 14. exd5 Rc8 15.
Nd2 Bg6 16. Nb3 f5 17. a4 f4 18. Ba3 f3 19. Bxf3 Rxc4 20. Bxd6 Qxd6 21. Na5 Rb4
22. Rc1 Rc8 23. Rxc8+ Nxc8 24. Qc1 Ne7 25. Nc4 Qf6 26. Rd1 e4 27. Be2 Rxa4 28.
d6 Nc6 29. d7 Nd8 30. Nd6 Rb4 31. Qc8 Rb2 32. Ne8 Qe7 33. Bg4 Kf8 34. Nc7 Bf7
35. Be6 Qf6 36. Kh1 Rxf2 37. Rg1 e3 38. Bxf7 Kxf7 39. Nd5 Qg5 40. Nxe3 Rd2 41.
Rf1+ Kg6 42. Ng4 h5 43. Ne3 Qe7 44. Rd1 Rxd1+ 45. Nxd1 Kf6 46. Nc3 Qe1+ 47. Kh2
Qe5+ 48. g3 Ke7 49. Kg2 Qd6 50. Ne4 Qxd7 51. Qc5+ Kf7 52. Qxh5+ Kg8 53. Ng5
Qd2+ 54. Kf1 Qd3+ 55. Kf2 Qf5+ 56. Kg2 Nf7 57. h4 Nxg5 58. hxg5 g6 59. Qh6 Qc2+
60. Kh3 Qf5+ 61. Kg2 Qd5+ 62. Kh3 Qh1+ 0-1

[Event "SR 4. liga A21 2016/2017"]
[Site "?"]
[Date "2016.12.04"]
[Round "5.6"]
[White "Musaev, Matej Elbek"]
[Black "Pripko, Bystrik"]
[Result "1-0"]
[WhiteElo "1699"]
[BlackElo "1661"]
[PlyCount "81"]
[EventDate "2016.??.??"]

1. e4 e5 2. Nf3 Nc6 3. Bc4 Bc5 4. c3 h6 5. O-O d6 6. d4 exd4 7. cxd4 Bb6 8. Be3
Nge7 9. Nc3 O-O 10. Qd2 Ng6 11. h3 a6 12. Ne2 Ba5 13. Qc1 b5 14. Bd5 Nxd4 15.
Nexd4 Bd7 16. Bxa8 Qxa8 17. Qc2 Re8 18. Nb3 Bb6 19. Bxb6 cxb6 20. Rfe1 Rc8 21.
Qd3 Qb8 22. Rac1 Re8 23. Rcd1 Qc8 24. Qxd6 Be6 25. Rc1 Qa8 26. Qxb6 Nf4 27. Qe3
Qb8 28. Nbd4 Bc4 29. b3 Bd5 30. e5 Ne6 31. Nxe6 Bxe6 32. Nd4 Bd7 33. Nc6 Qa8
34. Qf3 Kh8 35. Nd4 Qd8 36. Nc6 Qg5 37. Qxf7 Bxh3 38. Qxe8+ Kh7 39. g3 Qd2 40.
Ne7 Qd3 41. Qg8# 1-0

[Event "SR 4. liga A21 2016/2017"]
[Site "?"]
[Date "2016.12.04"]
[Round "5.6"]
[White "Piestansky, Jan"]
[Black "Sedlak, Rastislav"]
[Result "1-0"]
[WhiteElo "1628"]
[BlackElo "1683"]
[PlyCount "69"]
[EventDate "2016.??.??"]

1. e4 e5 2. Nf3 Nc6 3. Bc4 Nf6 4. d3 h6 5. c3 Bc5 6. h3 O-O 7. Bb3 d6 8. O-O
Be6 9. Bc2 a6 10. b3 b5 11. d4 exd4 12. cxd4 d5 13. dxc5 Nxe4 14. a3 Nxc5 15.
Nd4 Nxd4 16. Qxd4 Nd7 17. Bb2 Nf6 18. Nd2 c5 19. Qf4 d4 20. Rac1 Rc8 21. Bd3
Bd5 22. Rc2 Re8 23. Rfc1 Nd7 24. Bxd4 Qa5 25. Bxc5 Nxc5 26. Rxc5 Rxc5 27. Rxc5
Re1+ 28. Kh2 g5 29. Rc8+ Kg7 30. Qd4+ f6 31. Qa7+ Bf7 32. Rc7 Qxd2 33. Rxf7+
Kg8 34. Rg7+ Kh8 35. Rh7+ 1-0

[Event "SR 4. liga A21 2016/2017"]
[Site "?"]
[Date "2016.12.04"]
[Round "5.6"]
[White "Stolar, Michal"]
[Black "Kuracina, Lubomir"]
[Result "1/2-1/2"]
[WhiteElo "1614"]
[BlackElo "1000"]
[PlyCount "122"]
[EventDate "2016.??.??"]

1. e4 e5 2. Bc4 a6 3. a3 b5 4. Ba2 d6 5. Ne2 c5 6. c4 Bb7 7. Nbc3 Be7 8. cxb5
axb5 9. d3 Qd7 10. Qb3 Bd8 11. Qxb5 Ba6 12. Qxd7+ Nxd7 13. Bc4 Ne7 14. Bd2 f5
15. Bb5 fxe4 16. Nxe4 Bc7 17. Bxa6 Rxa6 18. Ng5 O-O 19. Ne6 Rc8 20. Nxc7 Rxc7
21. O-O h6 22. f4 Nc6 23. Nc3 Rb7 24. Rab1 Rab6 25. Na4 Rb3 26. Rbd1 Rxd3 27.
Rf3 Rbb3 28. Rxd3 Rxd3 29. Nc3 d5 30. fxe5 Ncxe5 31. Bf4 Rxd1+ 32. Nxd1 Nd3 33.
Bd2 N7e5 34. Kf1 Nc4 35. Ke2 Ndxb2 36. Nxb2 Nxb2 37. Bc1 Na4 38. Kd3 Kf7 39. h4
Ke6 40. Bf4 Kf5 41. g3 g5 42. hxg5 hxg5 43. Bd6 g4 44. Bf8 Ke6 45. Ke3 Ke5 46.
Bg7+ Kf5 47. Bf8 c4 48. Kd4 Ke6 49. Bb4 Nb6 50. Bc5 Nd7 51. Bb4 Ne5 52. Bc3 Nd3
53. a4 Kd6 54. a5 Kc6 55. a6 Nf2 56. a7 Kb7 57. Kxd5 Nh1 58. Kxc4 Nxg3 59. Be5
Nf5 60. Kd3 g3 61. Ke2 Nd6 1/2-1/2

[Event "SR 4. liga A21 2016/2017"]
[Site "?"]
[Date "2016.12.18"]
[Round "6.1"]
[White "Brunovsky, Peter"]
[Black "Slaby, Jozef"]
[Result "1/2-1/2"]
[WhiteElo "1818"]
[BlackElo "1748"]
[PlyCount "72"]
[EventDate "2016.??.??"]

1. Nf3 d5 2. d4 e6 3. Bf4 Nf6 4. e3 Nbd7 5. Bd3 c5 6. c3 Qb6 7. Qb3 Be7 8. Nbd2
O-O 9. Qxb6 axb6 10. O-O c4 11. Bc2 b5 12. a3 Nb6 13. h3 Bd7 14. Ne5 Bc6 15. f3
Nh5 16. Bh2 g6 17. g4 Ng7 18. e4 Be8 19. f4 f6 20. Nef3 dxe4 21. Nxe4 Bc6 22.
Rae1 Bd5 23. Re2 Nd7 24. Bg3 Ra6 25. Ned2 Bd6 26. Kh2 Bb8 27. Be4 Bxe4 28. Nxe4
f5 29. Ned2 fxg4 30. Ne5 Nxe5 31. fxe5 Rxf1 32. Nxf1 gxh3 33. Nd2 Nf5 34. Ne4
Rc6 35. Kxh3 b6 36. Bh4 Bc7 1/2-1/2

[Event "SR 4. liga A21 2016/2017"]
[Site "?"]
[Date "2016.12.18"]
[Round "6.1"]
[White "Slaba, Andrea"]
[Black "Kocak, Branislav"]
[Result "1/2-1/2"]
[WhiteElo "1811"]
[BlackElo "1881"]
[PlyCount "65"]
[EventDate "2016.??.??"]

1. Nf3 Nf6 2. c4 c5 3. g3 g6 4. Bg2 Bg7 5. O-O O-O 6. d4 cxd4 7. Nxd4 Nc6 8. e3
a6 9. Nc3 Qc7 10. b3 d6 11. Bb2 Bd7 12. Rc1 Qd8 13. Qd2 Nxd4 14. Qxd4 Bc6 15.
Nd5 Nh5 16. Qd2 Bxd5 17. Bxd5 Bxb2 18. Qxb2 Qb6 19. Qd4 Qxd4 20. exd4 Rab8 21.
Bg2 Rfc8 22. c5 dxc5 23. dxc5 Rc7 24. c6 bxc6 25. Rxc6 Rxc6 26. Bxc6 Rb6 27.
Bf3 Ng7 28. Rc1 Nf5 29. Bg4 Nd4 30. Rc8+ Kg7 31. Ra8 e6 32. Rd8 Nb5 33. Rd2
1/2-1/2

[Event "SR 4. liga A21 2016/2017"]
[Site "?"]
[Date "2016.12.18"]
[Round "6.1"]
[White "Hrubsa, Marian"]
[Black "Vagovic, Milan"]
[Result "1-0"]
[WhiteElo "1878"]
[BlackElo "1642"]
[PlyCount "91"]
[EventDate "2016.??.??"]

1. e4 c5 2. Nf3 Nc6 3. d4 cxd4 4. Nxd4 e6 5. Be2 Nf6 6. Nxc6 bxc6 7. Nd2 Be7 8.
e5 Nd5 9. O-O O-O 10. c4 Nf4 11. Ne4 Nxe2+ 12. Qxe2 Ba6 13. f4 d5 14. exd6 Bf6
15. Rf3 Bd4+ 16. Be3 Bxe3+ 17. Rxe3 Rb8 18. b3 Qb6 19. Kh1 c5 20. Rg3 f5 21.
Ng5 Qxd6 22. Nxe6 Rf7 23. Rd1 Qe7 24. Qe5 Re8 25. Nxc5 Bc8 26. Qxe7 Rfxe7 27.
Kg1 Rc7 28. Rd5 Rce7 29. Rd2 Rc7 30. Na4 Bb7 31. Rgd3 Kf8 32. Kf2 g6 33. Rd8
Bc6 34. Rxe8+ Kxe8 35. Nc3 Kf7 36. Rd4 h6 37. b4 a6 38. a4 Ke6 39. g3 g5 40. c5
g4 41. Rd6+ Kf7 42. Rxh6 Kg7 43. Rd6 Kf7 44. Nd5 Bxd5 45. Rxd5 Ke6 46. Rd6+ 1-0

[Event "SR 4. liga A21 2016/2017"]
[Site "?"]
[Date "2016.12.18"]
[Round "6.1"]
[White "Pripko, Bystrik"]
[Black "Kanka, Tomas"]
[Result "1/2-1/2"]
[WhiteElo "1661"]
[BlackElo "1696"]
[PlyCount "71"]
[EventDate "2016.??.??"]

1. e4 e5 2. Nf3 d6 3. h3 Nf6 4. Nc3 Be7 5. Bc4 c6 6. a3 Nbd7 7. O-O O-O 8. d3
b5 9. Ba2 Bb7 10. b4 a5 11. Ne2 axb4 12. axb4 Ra4 13. Bd2 Qa8 14. Nc3 Ra3 15.
Qc1 Kh8 16. Bb3 Rxa1 17. Qxa1 h6 18. Qb2 Qd8 19. Ne2 Qc7 20. Ng3 Nb6 21. Nf5
Ng8 22. Qc1 Kh7 23. Be3 Na4 24. c4 Ba6 25. Bxa4 bxa4 26. Nxe7 Nxe7 27. Qa3 Ra8
28. Qxa4 Bb7 29. Qb3 f5 30. exf5 Nxf5 31. Bd2 Qf7 32. Qc2 Qg6 33. d4 exd4 34.
Qe4 Re8 35. Qg4 Qf6 36. Re1 1/2-1/2